| 000 | 01273 a2200337 4500 | ||
|---|---|---|---|
| 999 |
_c200130810 _d30425 |
||
| 001 | 200130810 | ||
| 003 | TR-AnTOB | ||
| 005 | 20210414100606.0 | ||
| 008 | 181130b xxu||||| |||| 00| 0 tur d | ||
| 020 | _a9228182377 | ||
| 040 |
_aTR-AnTOB _cTR-AnTOB |
||
| 041 | _atur | ||
| 050 |
_aJZ1318 _b.K8719 2006 |
||
| 090 |
_aJZ1318 _b.K8719 2006 |
||
| 110 | 2 |
_aInternational Labour Office _927101 |
|
| 245 | 1 | 0 |
_aAdil bir küreselleşme : _bherkes için fırsatlar yaratılması / _cKüreselleşmenin Sosyal Boyutu Dünya Komisyonu ; çev. TİSK (Türkiye İşveren Sendikaları Konfederasyonu). |
| 264 | 1 |
_aGeneva: _bInternational Labour Organization, _c2006 |
|
| 300 |
_axxii, 149 p. : _bill. ; _c28 cm. |
||
| 336 |
_2rdacontent _atext _btxt |
||
| 337 |
_2rdamedia _aunmediated _bn |
||
| 338 |
_2rdacarrier _avolume _bnc |
||
| 490 | 0 |
_aUluslararası Çalışma Örgütü _v2006. |
|
| 504 | _abibliyografya ve kaynakça içermez. | ||
| 650 | 7 |
_aKüreselleşme _xSosyal yönleri _2etuturkob _912249 |
|
| 650 | 0 |
_aGlobalization _xSocial aspects _924167 |
|
| 650 | 0 |
_aKüreselleşme _xEkonomik yönleri _985802 |
|
| 650 | 0 |
_aGlobalization _xEconomic aspects _91906 |
|
| 710 | 2 | 2 |
_aUluslararası Çalışma Örgütü _940273 |
| 942 |
_cBK _2lcc |
||